[Event "Titled Tue 20th May Early"]
[Site "chess.com INT"]
[Date "2025.05.20"]
[Round "3"]
[White "Cori Quispe, Kevin Joel"]
[Black "Khodzhamkuliev, Bahadur"]
[Result "0-1"]
[WhiteTitle "GM"]
[WhiteElo "2464"]
[BlackElo "2093"]
[WhiteFideId "3814017"]
[BlackFideId "24135046"]
[EventDate "2025.05.20"]

1. d4 d6 2. e4 g6 3. f3 Bg7 4. Nc3 Nc6 5. d5 Nb8 6. Be3 c6 7. Bd4 Nf6 8. h4 h5
9. Nh3 c5 10. Be3 O-O 11. Ng5 b5 12. Bxb5 Qa5 13. Qd2 Ba6 14. a4 Qb4 15. O-O Nh7
16. Ra3 Qa5 17. Qe2 Bc8 18. f4 Nf6 19. Kh1 Ng4 20. Bg1 Nd7 21. e5 dxe5 22. f5
Ndf6 23. fxg6 fxg6 24. Nce4 Bf5 25. Nxc5 Qb4 26. Rb3 Qa5 27. Nce6 Bxe6 28. Nxe6
Bh6 29. Nxf8 Rxf8 30. c4 e4 31. Bc6 e3 32. Bxe3 Ne4 33. Bg1 Rxf1 34. Qxf1 Qc7
35. g3 Nxg3+ 36. Rxg3 Qxg3 37. Qe2 Qh3+ 38. Bh2 Bf4 39. d6 Bxh2 40. Bg2 Qxh4 41.
dxe7 Bd6+ 42. Kg1 Bc5+ 43. Kf1 Nh2# 0-1

[Event "Titled Tue 20th May Early"]
[Site "chess.com INT"]
[Date "2025.05.20"]
[Round "3"]
[White "Micic, Aleksa"]
[Black "Muzzi, Eduardo"]
[Result "1-0"]
[WhiteTitle "FM"]
[BlackTitle "CM"]
[WhiteElo "2191"]
[BlackElo "1949"]
[WhiteFideId "989940"]
[BlackFideId "3001253"]
[EventDate "2025.05.20"]

1. d4 Nf6 2. Nc3 c5 3. d5 e6 4. e4 exd5 5. exd5 d6 6. Nf3 Be7 7. g3 O-O 8. Bg2
a6 9. O-O b5 10. a4 b4 11. Ne2 Bb7 12. c4 bxc3 13. Nxc3 Nbd7 14. Nd2 Re8 15. a5
Bf8 16. Nc4 Ne5 17. Nxe5 Rxe5 18. Bf4 Re8 19. Qa4 Nh5 20. Bd2 Nf6 21. Rfe1 Qd7
22. Qxd7 Nxd7 23. Na4 Ne5 24. Nb6 Rad8 25. Bg5 f6 26. Bd2 Nd3 27. Rxe8 Rxe8 28.
Bh3 g6 29. Bc3 Bg7 30. Be6+ Kf8 31. Rd1 Ne5 32. f4 Nf7 33. Nd7+ Ke7 34. Re1 Bc8
35. Nxc5 Kf8 36. Bxc8 Rxe1+ 37. Bxe1 dxc5 38. Bxa6 Nd6 39. Bf2 c4 40. Bc5 Ke7
41. Bxc4 f5 42. Bxd6+ Kxd6 43. b3 Bd4+ 44. Kg2 Kc5 45. a6 Kb6 46. h3 Kc7 47. g4
Kd6 48. Kf3 fxg4+ 49. hxg4 h6 50. Ke4 Bc5 51. b4 Bxb4 52. a7 1-0

[Event "Titled Tue 20th May Early"]
[Site "chess.com INT"]
[Date "2025.05.20"]
[Round "3"]
[White "Jimenez Almeida, Luis David"]
[Black "Troltenier, Dirk"]
[Result "1-0"]
[WhiteTitle "FM"]
[BlackTitle "FM"]
[WhiteElo "2188"]
[BlackElo "2174"]
[WhiteFideId "22242244"]
[BlackFideId "4606400"]
[EventDate "2025.05.20"]

1. e4 e5 2. Nf3 d6 3. d4 exd4 4. Nxd4 Nf6 5. Nc3 Be7 6. Bf4 O-O 7. Qd2 d5 8. e5
Nh5 9. Bg3 c5 10. Nf3 d4 11. Ne4 Bf5 12. Bd3 Bg6 13. b3 Nc6 14. O-O Qd5 15. Rae1
Rfe8 16. Bc4 Qd7 17. Neg5 Nxg3 18. hxg3 Bxg5 19. Qxg5 Bxc2 20. e6 fxe6 21. Qxc5
d3 22. Nd2 Nd4 23. Re4 Rad8 24. Rfe1 Kh8 25. Kh2 b6 26. Qe5 b5 27. Rh4 bxc4 28.
Qh5 h6 29. Qe5 Nf5 30. Rh5 Rf8 31. g4 Nd6 32. Rxh6+ Kg8 33. Rxe6 Rde8 34. Qd5
Rxe6 35. Rxe6 Qf7 36. Qxd6 Qf4+ 37. Qxf4 Rxf4 38. Nxc4 Rxf2 39. Rd6 1-0

[Event "Titled Tue 20th May Early"]
[Site "chess.com INT"]
[Date "2025.05.20"]
[Round "3"]
[White "Deboushnik De"]
[Black "Miszler, Levente"]
[Result "0-1"]
[BlackTitle "FM"]
[WhiteElo "2207"]
[BlackElo "2261"]
[WhiteFideId "25768778"]
[BlackFideId "763276"]
[EventDate "2025.05.20"]

1. e4 e6 2. d4 d5 3. Nd2 Nf6 4. e5 Nfd7 5. Bd3 c5 6. c3 Nc6 7. Ne2 cxd4 8. cxd4
f6 9. exf6 Nxf6 10. Nf3 Bd6 11. O-O O-O 12. Bf4 Bxf4 13. Nxf4 Ne4 14. Qc1 Ng5
15. Nxg5 Qxg5 16. Ne2 Qf6 17. Qe3 Bd7 18. Bb5 Nb8 19. Bxd7 Nxd7 20. Rac1 Rac8
21. Rxc8 Rxc8 22. Rc1 Rxc1+ 23. Qxc1 Qd8 24. g3 Qb6 25. h4 Qc6 26. Qe3 Nf6 27.
Nc3 Qb6 28. b3 Kf7 29. Na4 Qc6 30. Nc5 b6 31. Nd3 Ke7 32. Qg5 Kf8 33. Qe3 Ke7
34. Nf4 Ne4 35. Kg2 Qc3 36. Nd3 Qc2 37. Nb4 Qd2 38. Qxd2 Nxd2 39. Nc6+ Kd6 40.
Nxa7 Nb1 41. Nb5+ Kc6 42. a4 Nd2 43. b4 Nb3 44. Na7+ Kb7 45. Nb5 Kc6 46. Kh3 Na1
47. Nc3 Nc2 48. b5+ Kd6 49. Ne2 e5 50. dxe5+ Kxe5 51. f4+ Ke4 52. Kg2 d4 53. Kf2
d3 54. Nc3+ Kd4 55. Nd1 Kc4 56. g4 Kb4 57. Ne3 Nxe3 58. Kxe3 Kc3 59. a5 d2 60.
axb6 d1=Q 61. b7 Qd8 62. Ke4 Qb8 63. Kd5 Qxb7+ 64. Ke6 Qxb5 65. f5 Qc4+ 66. Ke7
Qxg4 0-1

[Event "Titled Tue 20th May Early"]
[Site "chess.com INT"]
[Date "2025.05.20"]
[Round "3"]
[White "Peil, Christoph"]
[Black "Ezat, Mohamed"]
[Result "1-0"]
[WhiteTitle "FM"]
[BlackTitle "IM"]
[WhiteElo "2270"]
[BlackElo "2296"]
[WhiteFideId "24651800"]
[BlackFideId "10600906"]
[EventDate "2025.05.20"]

1. b3 e5 2. Bb2 Nc6 3. e3 Nf6 4. Bb5 Bd6 5. Na3 a6 6. Bxc6 dxc6 7. Nc4 Qe7 8.
Nf3 e4 9. Nfe5 O-O 10. f3 Bf5 11. g4 Be6 12. f4 b5 13. Nxc6 Qe8 14. Nxd6 Qxc6
15. Nf5 Bxf5 16. gxf5 Nd5 17. f6 Nxf6 18. Rg1 g6 19. Qe2 Rfe8 20. h4 Rad8 21. h5
Rd5 22. hxg6 fxg6 23. Bd4 Red8 24. O-O-O Qd6 25. Kb1 c5 26. Bc3 Rf5 27. Qh2 Nd5
28. Qg2 Re8 29. Bb2 c4 30. Rh1 Qd7 31. Rh6 Re7 32. Rdh1 c3 33. Bxc3 Nxc3+ 34.
dxc3 Qc6 35. Kb2 b4 36. cxb4 Qf6+ 37. Kb1 Rc7 38. Qd2 Qe6 39. Qd8+ 1-0

[Event "Titled Tue 20th May Early"]
[Site "chess.com INT"]
[Date "2025.05.20"]
[Round "3"]
[White "Manukian, Artak"]
[Black "Gutman, Gennadi"]
[Result "1-0"]
[BlackTitle "GM"]
[WhiteElo "2104"]
[BlackElo "2445"]
[WhiteFideId "13301373"]
[BlackFideId "14102277"]
[EventDate "2025.05.20"]

1. e4 c6 2. d4 d5 3. e5 Bf5 4. c4 Bxb1 5. Rxb1 e6 6. a3 Ne7 7. Nf3 Nd7 8. c5 Ng6
9. h4 h5 10. g3 b6 11. b4 a5 12. Bd3 Ne7 13. O-O g6 14. Bg5 Qc7 15. Qd2 Nf5 16.
Bxf5 gxf5 17. Rfc1 b5 18. Bf6 Bh6 19. Bg5 Bg7 20. a4 axb4 21. axb5 cxb5 22. Qxb4
O-O 23. Qxb5 Rfb8 24. Qe2 Nf8 25. Bf6 Ng6 26. Bxg7 Kxg7 27. Ng5 Ra4 28. Rxb8
Qxb8 29. Qxh5 Qh8 30. Qxh8+ Nxh8 31. c6 Ra8 32. h5 Kh6 33. f4 Kxh5 34. Kf2 Kg6
35. Ke3 Kg7 36. Kd3 Ng6 37. Kc3 Rc8 38. Kb4 Ne7 39. c7 Kf8 40. Kb5 Ke8 41. Kb6
Kd7 42. Nxf7 Ra8 43. Nd6 Nc6 44. Rxc6 Ra1 45. c8=Q+ Ke7 46. Qe8# 1-0

[Event "Titled Tue 20th May Early"]
[Site "chess.com INT"]
[Date "2025.05.20"]
[Round "3"]
[White "Toncheva, Nadya"]
[Black "Hehir, Michael"]
[Result "1-0"]
[WhiteTitle "FM"]
[WhiteElo "2332"]
[BlackElo "2009"]
[WhiteFideId "2924056"]
[BlackFideId "2047411"]
[EventDate "2025.05.20"]

1. e4 c5 2. c3 e6 3. Nf3 d5 4. exd5 exd5 5. d4 Nf6 6. Bb5+ Bd7 7. Bd3 Bd6 8. O-O
O-O 9. dxc5 Bxc5 10. Bg5 h6 11. Bh4 Qb6 12. b4 Be7 13. Nbd2 Nc6 14. Nb3 Rfe8 15.
a4 Ne4 16. Bxe7 Rxe7 17. Qc2 Bg4 18. a5 Qc7 19. Nfd2 Rc8 20. Rac1 Nxd2 21. Qxd2
Ne5 22. Nd4 Nc4 23. Bxc4 dxc4 24. h3 Bh5 25. Rfe1 Rce8 26. Rxe7 Qxe7 27. Qf4 Qe4
28. Qc7 Bg6 29. Qxc4 Qd3 30. Qxd3 Bxd3 31. f3 Bc4 32. Kf2 f6 33. Re1 Rxe1 34.
Kxe1 Kf7 35. h4 g6 36. Kd2 g5 37. hxg5 fxg5 38. Ke3 Kf6 39. Ke4 h5 40. Nc2 h4
41. Ne3 Be2 42. c4 Ke6 43. c5 Bb5 44. Nc2 Bc6+ 45. Ke3 Ke5 46. Nd4 Bd5 47. b5 1-0

[Event "Titled Tue 20th May Early"]
[Site "chess.com INT"]
[Date "2025.05.20"]
[Round "3"]
[White "Sitnic, Adnan"]
[Black "Bold, Andre"]
[Result "1-0"]
[WhiteTitle "CM"]
[BlackTitle "CM"]
[WhiteElo "2105"]
[BlackElo "2235"]
[WhiteFideId "14403854"]
[BlackFideId "16208471"]
[EventDate "2025.05.20"]

1. e4 c5 2. f4 Nc6 3. Nf3 g6 4. Bb5 Nd4 5. Nxd4 cxd4 6. O-O Bg7 7. d3 Nf6 8. f5
O-O 9. Ba4 d5 10. e5 Nd7 11. e6 fxe6 12. fxg6 Rxf1+ 13. Qxf1 hxg6 14. Bg5 e5 15.
Nd2 Nf6 16. Bb3 Qd6 17. Qf3 Be6 18. Rf1 Rf8 19. Qg3 Nh5 20. Rxf8+ Bxf8 21. Qf3
Bg7 22. g4 Nf6 23. h3 b5 24. Qg3 Bf7 25. Nf3 Ne8 26. Qh4 Bf6 27. Qg3 Kg7 28.
Bxf6+ exf6 29. g5 Qe6 30. gxf6+ Qxf6 31. Qxe5 Nd6 32. Qxf6+ Kxf6 33. Nxd4 Ke5
34. Ne2 Be6 35. d4+ Ke4 36. h4 Ke3 37. Nc3 Kxd4 38. Kf2 b4 39. Ne2+ Ke4 40. c3
bxc3 41. Nxc3+ Kd3 42. Nxd5 Bxd5 43. Bxd5 Nf5 44. Bf7 Nxh4 45. Kg3 g5 46. Kg4
Kc2 47. b4 Kb2 48. Bd5 Ka3 49. Kxg5 Kxb4 50. Kxh4 a5 51. Kg3 Kc5 52. Bf7 Kd4 1-0

[Event "Titled Tue 20th May Early"]
[Site "chess.com INT"]
[Date "2025.05.20"]
[Round "3"]
[White "Khoo-Thwe, Louis"]
[Black "Aakash, G"]
[Result "0-1"]
[BlackTitle "FM"]
[WhiteElo "2214"]
[BlackElo "2114"]
[WhiteFideId "1538756"]
[BlackFideId "25644394"]
[EventDate "2025.05.20"]

1. e4 e6 2. d4 d5 3. Nc3 Nf6 4. e5 Nfd7 5. f4 c5 6. Nf3 Nc6 7. Be3 a6 8. Qd2 b5
9. Qf2 Qb6 10. a4 b4 11. a5 Qc7 12. Na4 c4 13. Nb6 Nxb6 14. axb6 Qxb6 15. b3 c3
16. Bd3 a5 17. f5 exf5 18. O-O Be7 19. Rae1 Be6 20. Qg3 g6 21. Ra1 Kd7 22. Qf2
Kc7 23. Ra4 h6 24. h4 Bd7 25. Rfa1 Kb7 26. R4a2 Nd8 27. e6 Nxe6 28. Ne5 Be8 29.
Qf3 Nc7 30. Bc4 Bc6 31. Bd3 Rh7 32. h5 Bd6 33. hxg6 fxg6 34. Nxg6 Rg8 35. Bxf5
Rhg7 36. Rxa5 Rxg6 37. Bxg6 Rxg6 38. Qf7 Be8 39. Ra7+ Kb8 40. Ra8+ Nxa8 41.
Qxe8+ Kc7 0-1

[Event "Titled Tue 20th May Early"]
[Site "chess.com INT"]
[Date "2025.05.20"]
[Round "3"]
[White "Dominguez Exposito, Ibon"]
[Black "Koridze, Lile"]
[Result "1-0"]
[WhiteTitle "CM"]
[BlackTitle "WFM"]
[WhiteElo "2201"]
[BlackElo "2110"]
[WhiteFideId "54589452"]
[BlackFideId "13612514"]
[EventDate "2025.05.20"]

1. e4 c5 2. d4 cxd4 3. Qxd4 d6 4. Nc3 a6 5. Nf3 Nc6 6. Qd3 Nf6 7. Be2 g6 8. O-O
Bg7 9. Nd5 O-O 10. c3 Bd7 11. Bg5 Nxd5 12. exd5 Ne5 13. Nxe5 Bxe5 14. Rfe1 Rc8
15. Qd2 Re8 16. h4 Bf6 17. h5 Bxg5 18. Qxg5 e5 19. Qh6 Qf6 20. g3 Bf5 21. hxg6
fxg6 22. Qe3 Rf8 23. Kg2 Qf7 24. c4 b5 25. b3 bxc4 26. bxc4 Rb8 27. g4 Bd7 28.
Rab1 Qe7 29. f3 Ba4 30. Bd3 Rxb1 31. Rxb1 Qc7 32. Qb6 Qf7 33. Qe3 Qc7 34. Rb6
Rb8 35. Rxb8+ Qxb8 36. c5 Qb2+ 37. Kg3 dxc5 38. Qxc5 Qxa2 39. d6 Qd2 40. Qd5+
Kg7 41. Qxe5+ Kh6 42. Qf4+ Kg7 43. Qxd2 Bc6 44. Qc3+ Kf7 45. Qd4 Ke6 46. Bc4+
Kd7 47. Qe5 1-0

[Event "Titled Tue 20th May Early"]
[Site "chess.com INT"]
[Date "2025.05.20"]
[Round "3"]
[White "Navarro Lopez-Menchero, Daniel"]
[Black "Ugarte Soto, Cesar"]
[Result "1-0"]
[WhiteTitle "FM"]
[BlackTitle "CM"]
[WhiteElo "2240"]
[BlackElo "2088"]
[WhiteFideId "2297370"]
[BlackFideId "3601331"]
[EventDate "2025.05.20"]

1. e4 c5 2. Nf3 g6 3. c3 Bg7 4. d4 cxd4 5. cxd4 d5 6. e5 Bg4 7. h3 Bxf3 8. Qxf3
Nc6 9. Bb5 Rc8 10. O-O e6 11. Nc3 Ne7 12. Bg5 O-O 13. Rad1 Qb6 14. Qd3 h6 15.
Bf6 Nf5 16. Bxc6 Rxc6 17. g4 Nh4 18. Bxh4 Rfc8 19. Rd2 Rc4 20. Be7 Qc7 21. Bd6
Qd8 22. Ne2 a6 23. b3 R4c6 24. a4 Kh7 25. Rdd1 Qh4 26. Rc1 h5 27. Qg3 Qg5 28. f4
Qd8 29. Rxc6 Rxc6 30. gxh5 gxh5 31. f5 Bh6 32. fxe6 fxe6 33. Rf7+ Kh8 34. Qg6
Qg5+ 35. Qxg5 Bxg5 36. Rxb7 Rc2 37. Kf2 Bh4+ 38. Ke3 Bg5+ 39. Kd3 Rd2+ 40. Kc3
Rxe2 41. Ra7 a5 42. Rxa5 Bd2+ 43. Kd3 Bxa5 44. Kxe2 Bb6 45. Kd3 Kh7 46. b4 Kg6
47. a5 Bd8 48. a6 Bb6 49. Bc5 Bxc5 50. bxc5 1-0

[Event "Titled Tue 20th May Early"]
[Site "chess.com INT"]
[Date "2025.05.20"]
[Round "3"]
[White "Zozek Salah Mohammed"]
[Black "Perossa, Nicolas"]
[Result "1-0"]
[WhiteTitle "FM"]
[BlackTitle "FM"]
[WhiteElo "2205"]
[BlackElo "2262"]
[WhiteFideId "4803361"]
[BlackFideId "2850520"]
[EventDate "2025.05.20"]

1. d4 Nf6 2. Nf3 e6 3. g3 d5 4. Bg2 Be7 5. O-O O-O 6. c4 dxc4 7. Ne5 Nc6 8. Nxc6
bxc6 9. Na3 Bxa3 10. bxa3 Ba6 11. Bxc6 Rb8 12. Qa4 Rb6 13. Bd2 Nd5 14. Ba5 Rb8
15. Bd2 c3 16. Qxa6 cxd2 17. Qd3 Rb2 18. Rfd1 Qg5 19. Bxd5 exd5 20. e3 Rfb8 21.
Rxd2 Rxd2 22. Qxd2 Qf5 23. Rc1 h5 24. h4 g5 25. hxg5 h4 26. Kg2 Qe4+ 27. f3 Qh7
28. g4 h3+ 29. Kg3 Qg7 30. f4 Qh7 31. Qc2 Qh8 32. Qxc7 Rf8 33. Qe5 Qh7 34. Qf5
Qh8 35. Qf6 Qh7 36. Qf5 Qh8 37. Rh1 Re8 38. Qd3 Qg7 39. Rxh3 Re4 40. Qc3 Qf8 41.
Rh6 Qe8 42. Kf2 Qd7 43. Qc6 Qxg4 44. Qa8+ Kg7 45. Qh8# 1-0

[Event "Titled Tue 20th May Early"]
[Site "chess.com INT"]
[Date "2025.05.20"]
[Round "3"]
[White "Shymanskyi, Oleksandr"]
[Black "Iskusnyh, Sergei"]
[Result "1-0"]
[WhiteTitle "FM"]
[BlackTitle "GM"]
[WhiteElo "2218"]
[BlackElo "2440"]
[WhiteFideId "14168880"]
[BlackFideId "4120027"]
[EventDate "2025.05.20"]

1. e4 e6 2. d4 d5 3. e5 c5 4. c3 Nc6 5. Nf3 Nge7 6. Bd3 cxd4 7. O-O dxc3 8. bxc3
Ng6 9. Re1 Be7 10. Nbd2 O-O 11. c4 Bb4 12. Qc2 Bd7 13. a3 Ba5 14. h4 Nxh4 15.
Bxh7+ Kh8 16. Re3 Nf5 17. Bxf5 exf5 18. Nb3 dxc4 19. Nxa5 Nxa5 20. Ng5 Nb3 21.
Rh3+ Kg8 22. Qxc4 f4 23. Nxf7 Rxf7 24. Rxb3 Rc8 25. Qd3 Be6 26. Rc3 Rxc3 27.
Qxd8+ Kh7 28. Qh4+ Kg8 29. Bxf4 Rc4 30. Qd8+ Kh7 31. Bg3 Rd7 32. Qe8 Rc6 33.
Qh5+ Kg8 34. Re1 Rf7 35. Qg5 Rc8 36. Re4 Rf5 37. Qe7 Bd5 38. Rg4 Rf7 39. Qd6 Bc6
40. e6 Rf6 41. Be5 Rcf8 42. Bxf6 Rxf6 43. Qe7 1-0

[Event "Titled Tue 20th May Early"]
[Site "chess.com INT"]
[Date "2025.05.20"]
[Round "3"]
[White "Nezamyatin, Ruslan"]
[Black "Diachek, Andrii"]
[Result "1-0"]
[WhiteTitle "CM"]
[BlackTitle "CM"]
[WhiteElo "2070"]
[BlackElo "2226"]
[WhiteFideId "24153451"]
[BlackFideId "34106499"]
[EventDate "2025.05.20"]

1. d4 Nf6 2. c4 e6 3. Nf3 b6 4. g3 Ba6 5. Qa4 Bb7 6. Bg2 c5 7. O-O cxd4 8. Nxd4
Bxg2 9. Kxg2 Bc5 10. Rd1 O-O 11. Nc3 Bxd4 12. Rxd4 Qc7 13. Kg1 Nc6 14. Rd1 a6
15. Bf4 Ne5 16. Rac1 Rfc8 17. b3 Qc5 18. Be3 Qc7 19. Qb4 Rab8 20. Bf4 Rb7 21. h3
Nc6 22. Qa4 Qd8 23. Bg5 Ra8 24. Ne4 b5 25. Qa3 bxc4 26. Rxc4 h6 27. Bxf6 gxf6
28. Rxc6 f5 29. Nc5 Rb5 30. Rxd7 Qg5 31. Rcc7 f4 32. Rxf7 fxg3 33. Rg7+ Qxg7 34.
Rxg7+ Kxg7 35. Nxe6+ Kf6 36. Nd4 gxf2+ 37. Kxf2 Rb6 38. Qc5 Rab8 39. Qf5+ Ke7
40. Qe5+ Kd7 41. Nf5 Re6 42. Qd5+ 1-0

[Event "Titled Tue 20th May Early"]
[Site "chess.com INT"]
[Date "2025.05.20"]
[Round "3"]
[White "Banh Gia Huy"]
[Black "Vargas Benavides, Mauricio"]
[Result "1-0"]
[WhiteTitle "IM"]
[BlackTitle "FM"]
[WhiteElo "2425"]
[BlackElo "1935"]
[WhiteFideId "12424714"]
[BlackFideId "4404572"]
[EventDate "2025.05.20"]

1. e4 c6 2. Nf3 d5 3. Nc3 dxe4 4. Nxe4 Nf6 5. Qe2 Nxe4 6. Qxe4 Nd7 7. Bc4 Nf6 8.
Ne5 e6 9. Qe2 Be7 10. O-O O-O 11. Rd1 c5 12. d4 cxd4 13. Be3 Qc7 14. Bxd4 Rd8
15. c3 Nd5 16. Bb3 b6 17. c4 Nf6 18. Bc3 Bb7 19. Bc2 Rac8 20. Rxd8+ Rxd8 21. Rd1
Rxd1+ 22. Qxd1 Bd6 23. Qd4 Bxe5 24. Qxe5 Qxc4 25. Qb8+ Qc8 26. Qxa7 Nd7 27. f3
f5 28. Bb3 Bd5 29. Bxd5 Qc5+ 30. Kf1 Qb5+ 31. Ke1 Qxd5 32. Qc7 e5 33. a4 h6 34.
a5 bxa5 35. Bxa5 e4 36. Bc3 e3 37. Ke2 Qe6 38. Qf4 Nc5 39. Qd4 Qe7 40. Qxe3 Ne6
41. Qe5 Qd7 42. b4 Qc6 43. Kd2 Qd7+ 44. Kc2 Qa4+ 45. Kb2 Qa6 46. Qxf5 Qe2+ 47.
Qc2 Qb5 48. Qe4 Qb6 49. Qd5 Kh7 50. Kb3 Qa6 51. b5 Qb6 52. Kc4 Qc7+ 53. Qc6 Qf4+
54. Qe4+ 1-0

[Event "Titled Tue 20th May Early"]
[Site "chess.com INT"]
[Date "2025.05.20"]
[Round "3"]
[White "Szpar, Milosz"]
[Black "Spangenberg, Hugo"]
[Result "0-1"]
[WhiteTitle "IM"]
[BlackTitle "GM"]
[WhiteElo "2475"]
[BlackElo "2469"]
[WhiteFideId "1184989"]
[BlackFideId "101966"]
[EventDate "2025.05.20"]

1. e4 c5 2. c3 Nf6 3. e5 Nd5 4. d4 cxd4 5. Nf3 Nc6 6. Bc4 Nb6 7. Bb3 d5 8. exd6
dxc3 9. Nxc3 exd6 10. O-O Be7 11. Bf4 O-O 12. Nb5 Bg4 13. Nxd6 Bxf3 14. gxf3
Bxd6 15. Qxd6 Nd4 16. Qxd8 Raxd8 17. Bd1 Rfe8 18. Kh1 Nc4 19. b3 Ne5 20. Re1
Nexf3 21. Rxe8+ Rxe8 22. Be3 b6 23. Rc1 g6 24. Rc7 Nb5 25. Rd7 Ne5 26. Rb7 Nc6
27. Be2 Nd6 28. Rc7 Rc8 29. Rd7 Nf5 30. Bf4 Re8 31. Bc4 Re7 32. Rd1 Ne5 33. Bb5
Kg7 34. a4 h5 35. Kg1 Nf3+ 36. Kg2 N3d4 37. Bc4 f6 38. Bc1 g5 39. Bb2 Nc6 40.
Rd5 Ne5 41. Bb5 Kg6 42. Kf1 g4 43. a5 Nf3 44. axb6 Re1+ 45. Kg2 Rg1# 0-1

[Event "Titled Tue 20th May Early"]
[Site "chess.com INT"]
[Date "2025.05.20"]
[Round "3"]
[White "Alcazar Jimenez, Jesus Alberto"]
[Black "Sai, Han Thiha"]
[Result "0-1"]
[WhiteTitle "FM"]
[BlackTitle "FM"]
[WhiteElo "2141"]
[BlackElo "2121"]
[WhiteFideId "2209756"]
[BlackFideId "13012290"]
[EventDate "2025.05.20"]

1. e4 c6 2. d4 d5 3. exd5 cxd5 4. c4 Nf6 5. Nc3 e6 6. Nf3 Bb4 7. h3 O-O 8. Be2
dxc4 9. Bxc4 Qc7 10. Qe2 a6 11. Bd2 b5 12. Bd3 Bb7 13. O-O Nbd7 14. Nxb5 Qa5 15.
Nc3 Rac8 16. a3 Bxc3 17. Bxc3 Qb6 18. Ne5 Rfd8 19. Rad1 Nd5 20. Qh5 g6 21. Nxg6
hxg6 22. Bxg6 fxg6 23. Qxg6+ Kf8 24. Rd3 Nxc3 25. Rg3 Ne2+ 26. Kh2 Nxg3 27.
fxg3+ Ke7 28. Qg5+ Kd6 29. Qf4+ e5 30. dxe5+ Kc7 31. e6+ Qd6 32. Rc1+ Bc6 33.
exd7 Rxd7 34. Qe3 Kb7 35. Rc3 Re7 36. Rb3+ Bb5 37. Qf3+ Qc6 38. Qg4 Re4 39. Qf5
Rce8 40. Rc3 Qd6 41. Qh7+ R8e7 42. Qh8 Re8 43. Qh7+ R4e7 44. Qh5 Re3 45. Qh7+
R8e7 0-1

[Event "Titled Tue 20th May Early"]
[Site "chess.com INT"]
[Date "2025.05.20"]
[Round "3"]
[White "Bratovic, Blaz"]
[Black "Ebrahimi Herab, Hamidreza"]
[Result "0-1"]
[WhiteTitle "IM"]
[BlackTitle "FM"]
[WhiteElo "2319"]
[BlackElo "2404"]
[WhiteFideId "14603551"]
[BlackFideId "22512888"]
[EventDate "2025.05.20"]

1. e4 c5 2. Nf3 e6 3. c3 d5 4. e5 d4 5. Bd3 Nc6 6. O-O Nge7 7. Re1 Ng6 8. b4 Qc7
9. Qe2 Nf4 10. Qe4 Nxd3 11. Qxd3 cxb4 12. cxd4 Ne7 13. Ng5 Nd5 14. Nxh7 Be7 15.
Qh3 g6 16. Qh6 Bd7 17. Qg7 O-O-O 18. Qxf7 g5 19. Bb2 Qc2 20. Rc1 Qxc1+ 21. Bxc1
Kb8 22. d3 Rc8 23. Nd2 Rc2 24. Ne4 Rhc8 25. Be3 a5 26. h3 a4 27. Nhf6 Bxf6 28.
Nxf6 Bc6 29. Nd7+ Ka7 30. Bxg5 Rc7 31. Qf8 Rxd7 32. h4 Rh7 33. Qg8 Rd7 34. h5
Bb5 35. Qxe6 Rcc7 36. Qf5 Rf7 37. Bf6 Rh7 38. g4 Nc3 39. Qg6 Ba6 40. h6 b3 41.
axb3 axb3 42. Bg7 b2 43. Re1 Ne2+ 44. Kg2 Nf4+ 45. Kf3 Nxg6 46. Rb1 Rc2 0-1

[Event "Titled Tue 20th May Early"]
[Site "chess.com INT"]
[Date "2025.05.20"]
[Round "3"]
[White "Bespalov, Elisei"]
[Black "Sturt, Raven"]
[Result "1-0"]
[BlackTitle "GM"]
[WhiteElo "2303"]
[BlackElo "2459"]
[WhiteFideId "34251928"]
[BlackFideId "2007304"]
[EventDate "2025.05.20"]

1. Nf3 Nf6 2. g3 d5 3. Bg2 g6 4. O-O Bg7 5. d3 O-O 6. Nbd2 Nc6 7. e4 e5 8. Re1
Re8 9. exd5 Nxd5 10. Nc4 h6 11. a4 a5 12. c3 Bf5 13. Nh4 Be6 14. Nf3 Bg4 15. Qb3
Nb6 16. Nxb6 cxb6 17. Be3 Qxd3 18. Qxb6 Qa6 19. Qxa6 bxa6 20. Nd2 Rac8 21. Nc4
Nd4 22. cxd4 Rxc4 23. d5 e4 24. Rac1 Rxa4 25. Rc6 Bxb2 26. Rxa6 Bc3 27. Rc1 Bb4
28. h3 Be2 29. Ra7 Ra3 30. Rcc7 Rf8 31. Bxh6 Bd6 32. Rcb7 Bc5 33. Bxf8 Bxf8 34.
Rxf7 Ra1+ 35. Kh2 Bd3 36. Rfd7 Bb5 37. Rd8 Ra2 38. Kg1 Ra1+ 39. Kh2 Ra2 40. Raa8
Rxf2 41. Kg1 Rf7 42. Bxe4 Kg7 43. d6 a4 44. Bd5 Rf6 45. Ra7+ Kh6 46. Rf7 Rxd6
47. Rfxf8 Rxd8 48. Rxd8 1-0

[Event "Titled Tue 20th May Early"]
[Site "chess.com INT"]
[Date "2025.05.20"]
[Round "3"]
[White "Jahnz, Laurin"]
[Black "Laddha, Shubh Jayesh"]
[Result "1-0"]
[WhiteTitle "CM"]
[BlackTitle "FM"]
[WhiteElo "2233"]
[BlackElo "2303"]
[WhiteFideId "16261089"]
[BlackFideId "30942799"]
[EventDate "2025.05.20"]

1. e4 c5 2. Nf3 d6 3. Bb5+ Nd7 4. O-O a6 5. Bxd7+ Bxd7 6. Qe2 Nf6 7. Rd1 e6 8.
c3 Be7 9. d4 cxd4 10. cxd4 d5 11. e5 Ne4 12. Nfd2 Nxd2 13. Nxd2 O-O 14. f4 f5
15. Nf3 Be8 16. Be3 Bh5 17. Rac1 Rc8 18. Rxc8 Qxc8 19. Rc1 Qd7 20. Kf2 Rc8 21.
Qd2 b5 22. a3 Rc4 23. b3 Rc6 24. Rxc6 Qxc6 25. Qc1 Qb6 26. b4 a5 27. Qc8+ Kf7
28. Ng5+ Bxg5 29. fxg5 axb4 30. axb4 f4 31. Bxf4 Qxd4+ 32. Kg3 Qxb4 33. Qd7+ Qe7
34. Qxb5 Bg6 35. Be3 Qc7 36. Bd4 Be4 37. Qc5 Qd8 38. Qa7+ Kg6 39. h4 Qf8 40. Qd7
Bf5 41. Qb7 Qa3+ 42. Kh2 Qd3 43. Qa7 Qe4 44. h5+ Kxh5 45. Bf2 Qxe5+ 46. Bg3 Qe2
47. Qxg7 Bg6 48. Qh6+ Kg4 49. Qh4+ Kf5 50. Qf4# 1-0

[Event "Titled Tue 20th May Early"]
[Site "chess.com INT"]
[Date "2025.05.20"]
[Round "3"]
[White "Shuvalov, Evgenij"]
[Black "Smieszek, Wojciech"]
[Result "1/2-1/2"]
[BlackTitle "CM"]
[WhiteElo "1986"]
[BlackElo "2141"]
[WhiteFideId "4187237"]
[BlackFideId "1156047"]
[EventDate "2025.05.20"]

1. d4 Nf6 2. c4 c5 3. d5 e6 4. Nf3 exd5 5. cxd5 d6 6. e4 g6 7. h3 Bg7 8. Bd3 O-O
9. O-O Re8 10. Re1 Nbd7 11. Nbd2 a6 12. a4 Rb8 13. Nc4 Nb6 14. Na3 c4 15. Bc2
Qc7 16. Be3 Nbd7 17. Bd4 b5 18. axb5 axb5 19. b4 cxb3 20. Bxb3 Rxe4 21. Rxe4
Nxe4 22. Bxg7 Kxg7 23. Qd4+ Ndf6 24. Nc2 Qc3 25. Qxc3 Nxc3 26. Nb4 Bb7 27. Ra7
Ncxd5 28. Rxb7 Rxb7 29. Nxd5 Nxd5 30. Bxd5 Ra7 31. Kf1 b4 32. Ke2 Ra5 33. Bb3
Ra1 34. Nd2 f5 35. h4 Kf6 36. f4 h6 37. Nc4 Rg1 38. Kf2 Rb1 39. Nd2 Rc1 40. Ke2
g5 41. hxg5+ hxg5 42. g3 Rc3 43. fxg5+ Kxg5 44. Kf2 Rd3 45. Ke2 Rxg3 46. Bd5 f4
47. Ne4+ Kh4 48. Nxg3 Kxg3 49. Kf1 Kg4 50. Kf2 Kf5 51. Kf3 Ke5 52. Bb3 d5 53.
Ba2 d4 54. Bc4 Kd6 55. Kxf4 Kc5 56. Bb3 d3 57. Ke3 Kc6 58. Kxd3 Kb6 59. Kc4 Kc6
60. Kxb4 1/2-1/2